[Event "GER-chT School WK Girls"]
[Site "Playchess.com INT"]
[Date "2020.06.10"]
[Round "3.2"]
[White "Grundmann, Paula"]
[Black "Bone, Annalena"]
[Result "0-1"]
[WhiteElo "1620"]
[BlackElo "1468"]
[PlyCount "36"]
[EventDate "2020.06.10"]
[EventType "team-swiss (blitz)"]
[EventRounds "7"]
[EventCountry "GER"]
[SourceTitle "EXT 2021"]
[Source "ChessBase"]
[SourceDate "2020.10.23"]
[SourceVersion "1"]
[SourceVersionDate "2020.10.23"]
[SourceQuality "1"]
[WhiteTeam "Rostock Ecolea"]
[BlackTeam "Borken"]
[WhiteTeamCountry "GER"]
[BlackTeamCountry "GER"]

1. e4 e5 2. Nf3 Nc6 3. Bc4 Bc5 4. d3 h6 5. 0-0 d6 6. Nc3 Nf6 7. Qe1 Bg4 8. Be3 Bxf3 9. Bxc5 dxc5 10. gxf3 Nd4 11. Qe3 Qd7 12. Rfe1 Qh3 13. Rac1 Nxf3+ 14. Qxf3 Qxf3 15. Nb5 0-0 16. Nxc7 Ng4 17. Rf1 Qh3 18. Nxa8 Qxh2# 0-1